000 00455nam a2200169Ia 4500
003 LK-CoDNM
008 010623t xxu||||| |||| 00| 1 sin d
040 _aLK-CoDNM
_dLK-CoDNM
_eLK-CoDNM
041 _asin
080 _a22/28 FER
100 _aFernando,Siril Lesli.
245 _aවිමුක්තියේ පියසටහන්
246 _aVimuktiyee Piyasatahan
260 _bDeeva Dharma Nikeethana
300 _b134p., 21 cm
942 _cBK
999 _c141052
_d141052